LEADER 02689nam a2200385 a 4500 001 000000173160 003 CaOOAMICUS 005 20200212102730.0 008 200205s1579 it 000 u lat r 026 $arais n-me$bo-us bein (3)$c1579 (R) 032 $aLibriCat 040 $aPUL$bita$d 100 0 $aVenantius Fortunatus,$cvesc. di Poitiers,$dc. 530/535-600.$0(OLS)http://pul/name/6911 245 10$aVenantii Honorii Clementiani Fortunati presbyteri Expositiones Orationis Domini et symbuli Iosephi. Castalionis anconitani civis fanenis Opera et industria nunc primum castigatae, atq. editae. 246 30$aExpositiones Orationis Domini et symbuli 260 $aRomae :$bapud Heredes Antonij Bladij Impressores Camerales,$c1579. 300 $a [4] c., 32 p. ;$c8° (16 cm) 500 $aSegnatura: B-F4 500 $aStemma del dedicatario, il cardinal Moroni, sul front. stampato in rosso e nero. 500 $aCapilettera. 500 $aCorsivo. 662 $aItalia$dRoma.$0(OLS)http://pul/subject/34878 700 1 $aCastiglione, Giuseppe,$dm. 1616.$0(OLS)http://pul/name/111226 710 0 $aBlado, Antonio, eredi.$0(OLS)http://pul/name/71510 787 0 $aFerrandus Carthaginiensis, c. 500-547.$tS. Ferrandi Karthaginiensis Ecclesiae diaconi Opuscula.$dRomae : [s.n.], 1578$w()173152 850 $aPUL 852 $aPUL$W1$xDP1 Antico 500$y12$m527 F 27 Int. 6$j197134$qStampati Antico$B201923$CPULBib$Z2$F201923 $82 900 $aFortunatus, Venantius Honorius Clementianus,$dc. 530/535-600$96911 900 $aVenanzio Fortunato,$dc. 530-c. 600$96911 941 1 $a15 961 $aAutore e titolo dell'opera abbreviato sul dorso. Stemma di Gregorio XIII e dell'ordine dei Gesuiti (JHS) sul dorso. Annotazione ms. sul piatto anteriore: "Int U I". Precedente appartenenza: Collegio Germanico - Bibl. Sup. Tagli spruzzati di rosso e verde. Opera rilegata con: "S. Ferrandi Karthaginiensis..." (coll. 527 F 27 Int. 1), "Orationes..." (coll. 527 F 27 Int. 2), "Sancti patris nostri Iohannis..." (coll. 527 F 27 Int. 3), "Achillis Statii Lusitani..."(coll. 527 F 27 Int. 4), "S. Pachomii... Regula"(coll. 527 F 27 Int. 5), " Epistola Michaelis Baii..."(coll. 527 F 27 Int. 7). 996 $6245$aVenantii Honorii Clementiani Fortunati presbyteri Expositiones Orationis Domini et symbuli Iosephi. Castalionis anconitani civis fanenis Opera et industria nunc primum castigatae, atq. editae.$9(OLS)http://pul/title/214239 996 $6246$aExpositiones Orationis Domini et symbuli$9(OLS)http://pul/title/214240 996 $6260$aRomae :$bapud Heredes Antonij Bladij Impressores Camerales$9(OLS)http://pul/publisher/80695 LEADER 01680nam a2200337 a 4500 001 000000161097 003 CaOOAMICUS 005 20170609132343.0 008 170605s2017 it u000 u ita r 020 $a978-88-14-20188-2* 032 $aLibriCat 040 $aPUL$bita 082 04$a346.45 100 1 $aJorio, Alberto,$d1940-$0(OLS)http://pul/name/71121 245 10$aConcordato fallimentare, accordi di ristrutturazione, piani di risanamento, amministrazione straordinaria, profili fiscali, crisi bancarie / $cAlberto Jorio, Bruno Sassani. 260 $aMilano :$bGiuffrè,$c©2017. 300 $aXXXIII, 1360 p. ;$c25 cm. 490 1 $aTrattato delle procedure concorsuali ;$v5 504 $aComprende riferimenti bibliografici ed indice. 650 14$aDiritto fallimentare$zItalia.$0(OLS)http://pul/subject/34853 650 4$aFallimento (diritto).$0(OLS)http://pul/subject/17091 700 1 $aSassani, Bruno.$0(OLS)http://pul/name/42429 830 0$aTrattato delle procedure concorsuali (Giuffré) ;$v5.$0(OLS)http://pul/title/200930 850 $aPUL 852 $aPUL$W1$xSL Diritto e Scienze Sociali 3$y79$m346. 45 JORAL 1.5$j185048$qDDC 21$B188244$CPULBib$Z2$F188244 $H129734 $81 941 1 $a9 996 $6020$a978-88-14-20188-2*$9(OLS)http://pul/number/162801 996 $6082$a346.45$9(OLS)http://pul/classification/372 996 $6245$aConcordato fallimentare, accordi di ristrutturazione, piani di risanamento, amministrazione straordinaria, profili fiscali, crisi bancarie / $9(OLS)http://pul/title/200816 996 $6260$aMilano :$bGiuffrè$9(OLS)http://pul/publisher/48401